<?xml version="1.0" encoding="UTF-8"?>
<record
    xmlns:xsi="http://www.w3.org/2001/XMLSchema-instance"
    xsi:schemaLocation="http://www.loc.gov/MARC21/slim http://www.loc.gov/standards/marcxml/schema/MARC21slim.xsd"
    xmlns="http://www.loc.gov/MARC21/slim">

  <leader>01581nam a22001817a 4500</leader>
  <controlfield tag="005">20250526144608.0</controlfield>
  <controlfield tag="008">250523b2025    |||ac|ofd|||fa|0| 0 spa d</controlfield>
  <datafield tag="040" ind1=" " ind2=" ">
    <subfield code="a">CGIP0042</subfield>
    <subfield code="c">CGIP0042</subfield>
    <subfield code="e">RDA</subfield>
  </datafield>
  <datafield tag="110" ind1=" " ind2=" ">
    <subfield code="a">Instituto Dominicano de Evaluaci&#xF3;n e Investigaci&#xF3;n de la Calidad Educativa (IDEICE)</subfield>
  </datafield>
  <datafield tag="245" ind1=" " ind2=" ">
    <subfield code="a">Folleto Informativo  </subfield>
    <subfield code="b">Base de datos de Investigaciones y Evaluaciones Educativas de la Rep&#xFA;blica Dominicana (Inered)</subfield>
  </datafield>
  <datafield tag="260" ind1=" " ind2=" ">
    <subfield code="a">Santo Domingo</subfield>
    <subfield code="b">IDEICE</subfield>
    <subfield code="c">2025</subfield>
  </datafield>
  <datafield tag="300" ind1=" " ind2=" ">
    <subfield code="a">2p</subfield>
  </datafield>
  <datafield tag="310" ind1=" " ind2=" ">
    <subfield code="a">2025</subfield>
  </datafield>
  <datafield tag="520" ind1=" " ind2=" ">
    <subfield code="a">&#xBF;Qu&#xE9; es INERED?
Base de Datos de Investigaciones y Evaluaciones Educativas de la Rep&#xFA;blica Dominicana  INERED es la primera base de datos p&#xFA;blica de postgrado sobre investigaciones y evaluaciones educativas de la Rep&#xFA;blica Dominicana, consultable libremente desde Internet, desarrollada por el Instituto Dominicano de Evaluaci&#xF3;n e Investigaci&#xF3;n de la Calidad Educativa-va (Ideice).

INERED es un aporte que hace el Ideice a la comunidad cient&#xED;fica nacional e internacional, al poner a disposici&#xF3;n de esta y de la ciudadan&#xED;a en general una recopilaci&#xF3;n de estudios desarrollados por instituciones de educaci&#xF3;n superior del pa&#xED;s, en colaboraci&#xF3;n con entidades extranjeras, as&#xED; como por organismos experto-tos de reconocida trayectoria. Esta iniciativa re&#xFA;ne investigaciones y evaluaciones producir-das en el &#xE1;mbito educativo desde la d&#xE9;cada de los ochenta hasta la actualidad.
</subfield>
  </datafield>
  <datafield tag="710" ind1=" " ind2=" ">
    <subfield code="a">Instituto Dominicano de Evaluaci&#xF3;n e Investigaci&#xF3;n de la Calidad Educativa (IDEICE)</subfield>
  </datafield>
  <datafield tag="856" ind1=" " ind2=" ">
    <subfield code="u">https://inered.gob.do/</subfield>
  </datafield>
  <datafield tag="942" ind1=" " ind2=" ">
    <subfield code="2">ddc</subfield>
    <subfield code="c">FOL</subfield>
    <subfield code="n">0</subfield>
  </datafield>
  <datafield tag="999" ind1=" " ind2=" ">
    <subfield code="c">13449</subfield>
    <subfield code="d">13449</subfield>
  </datafield>
  <datafield tag="952" ind1=" " ind2=" ">
    <subfield code="0">0</subfield>
    <subfield code="1">0</subfield>
    <subfield code="2">ddc</subfield>
    <subfield code="4">0</subfield>
    <subfield code="7">0</subfield>
    <subfield code="a">IDEICE</subfield>
    <subfield code="b">IDEICE</subfield>
    <subfield code="d">2025-05-23</subfield>
    <subfield code="l">0</subfield>
    <subfield code="r">2025-05-23 15:10:58</subfield>
    <subfield code="u">https://inered.gob.do/</subfield>
    <subfield code="w">2025-05-23</subfield>
    <subfield code="y">FOL</subfield>
  </datafield>
</record>
